Migration, diaspora and information technology in global societies (Record no. 12668)
[ view plain ]
| 000 -LEADER | |
|---|---|
| fixed length control field | 03417nam a2200397Ia 4500 |
| 001 - CONTROL NUMBER | |
| control field | 9780203148600 |
| 003 - CONTROL NUMBER IDENTIFIER | |
| control field | BD-DhSAU |
| 005 - DATE AND TIME OF LATEST TRANSACTION | |
| control field | 20151012151720.0 |
| 006 - FIXED-LENGTH DATA ELEMENTS--ADDITIONAL MATERIAL CHARACTERISTICS | |
| fixed length control field | a|||||s||||||||||| |
| 007 - PHYSICAL DESCRIPTION FIXED FIELD--GENERAL INFORMATION | |
| fixed length control field | cr|||| |
| 008 - FIXED-LENGTH DATA ELEMENTS--GENERAL INFORMATION | |
| fixed length control field | 120327s2012 nyuad sb 001 0 eng d |
| 020 ## - INTERNATIONAL STANDARD BOOK NUMBER | |
| International Standard Book Number | 9780203148600 (e-book : PDF) |
| 040 ## - CATALOGING SOURCE | |
| Original cataloging agency | BD-DhSAU |
| Transcribing agency | BD-DhSAU |
| 090 ## - LOCALLY ASSIGNED LC-TYPE CALL NUMBER (OCLC); LOCAL CALL NUMBER (OCLC) | |
| Classification number (OCLC) (R) ; Classification number, CALL (RLIN) (NR) | HM851 |
| Local cutter number (OCLC) ; Book number/undivided call number, CALL (RLIN) | .M54 2012 |
| 092 ## - LOCALLY ASSIGNED DEWEY CALL NUMBER (OCLC) | |
| Classification number | 303.4833086912 |
| Item number | M636 |
| 245 00 - TITLE STATEMENT | |
| Title | Migration, diaspora and information technology in global societies |
| Medium | [electronic resource] / |
| Statement of responsibility, etc. | edited by Leopoldina Fortunati, Raul Pertierra and Jane Vincent. |
| 250 ## - EDITION STATEMENT | |
| Edition statement | 1st ed. |
| 260 ## - PUBLICATION, DISTRIBUTION, ETC. (IMPRINT) | |
| Place of publication, distribution, etc. | New York, N.Y. : |
| Name of publisher, distributor, etc. | Routledge, |
| Date of publication, distribution, etc. | 2012. |
| 300 ## - PHYSICAL DESCRIPTION | |
| Extent | xviii, 271 p. : |
| Other physical details | ill. |
| 490 1# - SERIES STATEMENT | |
| Series statement | Routledge research in information technology and society ; |
| Volume/sequential designation | 12 |
| 504 ## - BIBLIOGRAPHY, ETC. NOTE | |
| Bibliography, etc | Includes bibliographical references and index. |
| 505 0# - FORMATTED CONTENTS NOTE | |
| Formatted contents note | 1. New media, migrations and culture : from multi- to interculture / Giuseppe Mantovani -- 2. From English to new Englishes : language migration towards new paradigms / Maria Bortoluzzi -- 3. Frame setting of contestable categories : the construction of multiracial identity in the mass media / Alice Robbin -- 4. Grandmothers, girlfriends and big men : the gendered geographies of Jamaican transnational communication / Heather Horst -- 5. Mobiles, men and migration : mobile communication and everyday multiculturalism in Australia / Clifton Evers and Gerard Goggin -- 6. Australian migrant children : ICT use and the construction of future lives / Lelia Green and Nahid Kabir -- 7. Diasporas, the new media and the globalized homeland / Raul Pertierra -- 8. Make yourself at home in www.cibervalle.com : meanings of proximity and togetherness in the era of "broadband society" / Heike Mãaonika Greschke -- 9. The Bulgarian-language media diaspora / Polina Stoyanova and Lilia Raycheva -- 10. "God is technology" : mediating the sacred in the Congolese diaspora / David Garbin and Manuel A. Vãaasquez -- 11. Mediatized migrants : media cultures and communicative networking in the diaspora / Andreas Hepp, Cigdem Bozdag and Laura Suna -- 12. ICT adoption by immigrants and ethnic minorities in Europe : overview of quantitative evidence and discussion of drivers / Stefano Kluzer and Cristiano Codagnone -- 13. Migrant workers, new media technologies, and decontextualization : a preliminary observation in southern China / Pui-lam Law -- 14. Floating workers and mobile QQ : the struggle in the search for roots / Chung-tai Cheng -- 15. Community connections and ICT : the Chinese community in Prato, Italy and Melbourne, Australia : networks, ICTs and Chinese diasporas / Tom Denison and Graeme Johanson -- 16. Imagining China : online expatriates as "bridge bloggers" on the Chinese Internet / David Kurt Herold. |
| 530 ## - ADDITIONAL PHYSICAL FORM AVAILABLE NOTE | |
| Additional physical form available note | Also available in print edition. |
| 538 ## - SYSTEM DETAILS NOTE | |
| System details note | Mode of access: World Wide Web. |
| 650 #0 - SUBJECT ADDED ENTRY--TOPICAL TERM | |
| Topical term or geographic name as entry element | Information technology |
| General subdivision | Social aspects. |
| 650 #0 - SUBJECT ADDED ENTRY--TOPICAL TERM | |
| Topical term or geographic name as entry element | Internet and immigrants. |
| 650 #0 - SUBJECT ADDED ENTRY--TOPICAL TERM | |
| Topical term or geographic name as entry element | Identity (Psychology) and mass media. |
| 650 #0 - SUBJECT ADDED ENTRY--TOPICAL TERM | |
| Topical term or geographic name as entry element | Communication and technology. |
| 655 #7 - INDEX TERM--GENRE/FORM | |
| Genre/form data or focus term | Electronic books. |
| Source of term | lcsh |
| 700 1# - ADDED ENTRY--PERSONAL NAME | |
| Personal name | Fortunati, Leopoldina. |
| 700 1# - ADDED ENTRY--PERSONAL NAME | |
| Personal name | Pertierra, Raul, |
| Dates associated with a name | 1941- |
| 700 1# - ADDED ENTRY--PERSONAL NAME | |
| Personal name | Vincent, Jane, |
| Dates associated with a name | 1956- |
| 776 1# - ADDITIONAL PHYSICAL FORM ENTRY | |
| International Standard Book Number | 9780415887090 (hardback : alk. paper) |
| 830 #0 - SERIES ADDED ENTRY--UNIFORM TITLE | |
| Uniform title | Routledge research in information technology and society ; |
| Volume number/sequential designation | 12. |
| 856 40 - ELECTRONIC LOCATION AND ACCESS | |
| Uniform Resource Identifier | <a href="http://www.tandfebooks.com/isbn/9780203148600">http://www.tandfebooks.com/isbn/9780203148600</a> |
No items available.
